Objective general knowledge/ (Record no. 35131)

MARC details
000 -LEADER
fixed length control field 00953nam a22002537a 4500
005 - DATE AND TIME OF LATEST TRANSACTION
control field 20100407140256.0
008 - FIXED-LENGTH DATA ELEMENTS--GENERAL INFORMATION
fixed length control field 100407t xxu||||| |||| 00| 0 eng d
010 ## - LCCN (DPL NO)
LC control number ENG-95989
020 ## - INTERNATIONAL STANDARD BOOK NUMBER
International Standard Book Number 9788131726747
Terms of availability 350.00
035 ## - SYSTEM CONTROL NUMBER
System control number EN-79522
037 ## - SOURCE OF ACQUISITION
Source of stock number/acquisition DBAD/VEN
040 ## - CATALOGING SOURCE
Original cataloging agency dpl
Language of cataloging English
082 ## - DEWEY DECIMAL CLASSIFICATION NUMBER
Classification number 000
100 ## - MAIN ENTRY--PERSONAL NAME
Personal name Thorpe, Edgar
245 ## - TITLE STATEMENT
Title Objective general knowledge/
Statement of responsibility, etc by Edgar Thorpe and Showick Thorpe
250 ## - EDITION STATEMENT
Edition statement 2nd ed.
260 ## - PUBLICATION, DISTRIBUTION, ETC. (IMPRINT)
Place of publication, distribution, etc Delhi
Name of publisher, distributor, etc Dorling Kindersley (India) Pvt. Ltd. Licensees of Pearson Education
Date of publication, distribution, etc 2009
270 ## - ADDRESS
Address 14, Local Shopping Centre, Panchsheel Park
City Delhi
Postal code 110017
300 ## - PHYSICAL DESCRIPTION
Extent 561p. :
Dimensions 28cm. (pbk)
700 ## - ADDED ENTRY--PERSONAL NAME
Personal name Thorpe, Showick
942 ## - ADDED ENTRY ELEMENTS (KOHA)
Institution code [OBSOLETE] dpl
Item type English Books
Source of classification or shelving scheme Dewey Decimal Classification
Call number suffix THO
Edition 2nd ed.
Classification part 000
Holdings
Withdrawn status Lost status Source of classification or shelving scheme Materials specified (bound volume or other part) Damaged status Not for loan Collection code Home library Current library Date acquired Source of acquisition Cost, normal purchase price Total Checkouts Full call number Barcode Date last seen Copy number Cost, replacement price Koha item type
    Dewey Decimal Classification Pbk   Not For Loan Non-fiction D.B.Act.Division D.B.Act.Division 26/02/2010 DBAD/VEN 350.00   000 THO EN-79522 07/04/2010 1 350.00 English Books

© Delhi Public Library
Hit Counter
free hit counter